000 00706nam a2200229Ii 4500
003 JO-AjNU
008 230605s9999||||xx |||||||||||||| ||und||
017 _a2007/4/982
020 _a978-9957-09-291-2
040 _aJO-AjNU
_bara
_erda
_cJO-AjNU
041 _aara
050 1 4 _aPJ7862.U234.M35 2007
100 3 _aالسوداني،علي,
_eauthor
_917659
245 0 0 _aمكاتيب عراقية من سفر الضحك والوجع
250 _aط1
264 3 1 _aعمان: أزمنة للنشر، 2007
300 _a288ص
336 _atext
_btxt
_2rdacontent
337 _aunmediated
_bn
_2rdamedia
338 _avolume
_bnc
_2rdacarrier
650 4 _aالأدب العربي - مقالات
_917660
999 _aA5502
_c9070
_d9070